Central Library OPAC University of Rajshahi

A dictionary of economic terms / (Record no. 42626)

MARC details
000 -LEADER
fixed length control field 00757cam a22002531 4500
001 - CONTROL NUMBER
control field 42626
003 - CONTROL NUMBER IDENTIFIER
rucl marc code BD-RjUL
005 - DATE AND TIME OF LATEST TRANSACTION
control field 20211209053552.0
008 - FIXED-LENGTH DATA ELEMENTS--GENERAL INFORMATION
fixed length control field 160614s1968 enk d 000 0 eng
035 ## - SYSTEM CONTROL NUMBER
System control number (BD-RjUL)42744
040 ## - CATALOGING SOURCE
Original cataloging agency DLC
Transcribing agency DLC
Modifying agency DLC
Language of cataloging eng
041 ## - LANGUAGE CODE
Language code of text/sound track or separate title eng
082 00 - DEWEY DECIMAL CLASSIFICATION NUMBER
Classification number 330.03
Author mark and year TAD 1968
100 1# - MAIN ENTRY--PERSONAL NAME
Personal name Taylor, Philip A. S.
9 (RLIN) 131040
245 12 - TITLE STATEMENT
Title A dictionary of economic terms /
Statement of responsibility, etc. by P. A. S. Taylor.
250 ## - EDITION STATEMENT
Edition statement 4th ed. (revised and rewritten).
260 ## - PUBLICATION, DISTRIBUTION, ETC. (IMPRINT)
Place of publication, distribution, etc. London :
Name of publisher, distributor, etc. Routledge & K. Paul,
Date of publication, distribution, etc. 1968.
300 ## - PHYSICAL DESCRIPTION
Pagination v, 121 p. :
Size 18 cm.
350 ## - PRICE (NR) (BK AM CF MU VM SE) [OBSOLETE]
Price 10/6
500 ## - GENERAL NOTE
General note "An abbreviated version of ... A new dictionary of economics."
650 #0 - SUBJECT ADDED ENTRY--TOPICAL TERM
Topical term or geographic name as entry element Economics
General subdivision Dictionaries.
9 (RLIN) 131041
942 ## - ADDED ENTRY ELEMENTS (KOHA)
Source of classification or shelving scheme Dewey Decimal Classification
Koha item type Books
Holdings
Lost status Source of classification or shelving scheme Damaged status Not for loan Collection code Permanent Location Current Location Shelving location Date acquired Source of acquisition Cost, normal purchase price Total Checkouts Full call number Date last seen Copy number Koha item type
  Dewey Decimal Classification     Non-fiction Central Library, University of Rajshahi Central Library, University of Rajshahi   11/02/1973 Euro Bangladesh New Agency 15.40   330.03 TAD 1968 14/06/2016 C-2 Books